000 00575nam a2200145Ia 4500
008 231129s2002||||xx |||||||||||||| ||spa||
020 _a958-97263-1-3
040 _bspa
082 _a362.17 F692d
100 _aForo Videoconferencias Desafí­os para los recursos humanos en el Sistema General de Seguridad Social en Salud (:2000 : Bogotá)
245 0 _aDesafí­os para los recursos humanos en el sistema general de seguridad social en salud
260 _c2002
264 _aBogotá Colombia : Ministerio de Salud
942 _2ddc
_cBKS
999 _c9017
_d9017